Bến trần gian (tập truyện ngắn)
Nội dung giới thiệu những tác phẩm văn học Việt Nam viết về sự mất mát, hy sinh một "thời hoa lửa", những thân phận trong chiến tranh và thời hậu chiến.
Gorde:
| Formatua: | Liburua |
|---|---|
| Hizkuntza: | Undetermined |
| Argitaratua: |
Hà Nội
Lao động
2007
|
| Gaiak: | |
| Etiketak: |
Etiketa erantsi
Etiketarik gabe, Izan zaitez lehena erregistro honi etiketa jartzen!
|
| Thư viện lưu trữ: | Trung tâm Học liệu Trường Đại học Cần Thơ |
|---|
| LEADER | 00824nam a2200193Ia 4500 | ||
|---|---|---|---|
| 001 | CTU_132814 | ||
| 008 | 210402s9999 xx 000 0 und d | ||
| 020 | |c 60000 | ||
| 082 | |a 895.922301 | ||
| 082 | |b B254 | ||
| 245 | 0 | |a Bến trần gian (tập truyện ngắn) | |
| 245 | 0 | |c Sương Nguyệt Minh (tuyển chọn) | |
| 260 | |a Hà Nội | ||
| 260 | |b Lao động | ||
| 260 | |c 2007 | ||
| 520 | |a Nội dung giới thiệu những tác phẩm văn học Việt Nam viết về sự mất mát, hy sinh một "thời hoa lửa", những thân phận trong chiến tranh và thời hậu chiến. | ||
| 650 | |a Short stories, vietnamese,Truyện ngắn Việt Nam | ||
| 904 | |i Q. Hiếu | ||
| 980 | |a Trung tâm Học liệu Trường Đại học Cần Thơ | ||